000 00628nam a22001815i 4500
001 160188
003 ES-MaACL
005 20240224062543.0
008 990611s1877 sp |||| | spa d
040 _aCCPB | B
_bspa
_cCCPB | B
100 1 _aMoreno Fernández, José.
_9130168
245 1 0 _aCervantes y Sevilla /
_cpor José Moreno Fernandez.
260 _aSevilla :
_bLa Andalucia,
_c1877.
300 _a27 p. ;
_c22 cm.
600 1 4 _aCervantes Saavedra, Miguel de,
_d1547-1616
_9226514
852 _aES-MaACL
_jT-266-F-9
_z-- Enc. hol.
_q-- Falto de la cub. original
_z-- Enc. en un vol. facticio
999 _c160188
_d160188